| 000 | 00547 a2200181 4500 | ||
|---|---|---|---|
| 003 | OSt | ||
| 005 | 20180116182651.0 | ||
| 008 | 160526b xxu||||| |||| 00| 0 eng d | ||
| 020 | _a0 | ||
| 040 | _c0 | ||
| 082 | _a346.549082 IBP 1992 | ||
| 110 | _aInstitute of Banker in Pakistan | ||
| 245 |
_aLegal Framework for Islamic Banking Pakistan's Experience _cInstitute of Banker in Pakistan |
||
| 260 |
_aKarachi _bThe Institute of Bankers in Pakistan _c1992 |
||
| 300 |
_a85p _bPB |
||
| 500 | _aPaper cover | ||
| 942 |
_aNBS _cBK _k346.549082 IBP _2ddc |
||
| 999 |
_c343694 _d343694 |
||